LEADER 01277nam0 2200349 450 001 000019076 005 20081110115539.0 100 $a20081110d1980----km-y0itay50------ba 101 0 $aita 102 $aIT 105 $ay-------001yy 200 1 $aProblemi dello sviluppo tardivo in Europa$erapporto su sei paesi appartenenti all'OCSE$fGiorgio Fuā 210 $aBologna$cIl Mulino$dc1980 215 $a176 p.$d20 cm 225 2 $aUniversale paperbacks Il mulino 410 0$12001$aUniversale paperbacks Il mulino 451 0$1001000000182 500 10$aProblemi dello sviluppo tardivo in Europa$932396 610 1 $aItalia$aSviluppo economico 610 1 $aSpagna$aSviluppo economico 610 1 $aGrecia$aSviluppo economico 610 1 $aIrlanda$aSviluppo economico 610 1 $aPortogallo$aSviluppo economico 610 1 $aTurchia$aSviluppo economico 676 $a330.94055$v19$9Situazione e condizioni economiche dell'Europa dal 1945 676 $a330.94$v21$9Situazioni e condizioni economiche. Europa. Europa occidentale 700 1$aFuā,$bGiorgio$0249893 801 0$aIT$bUNIPARTHENOPE$c20081110$gRICA$2UNIMARC 912 $a000019076 951 $a124/9$b636$cNAVA2 996 $aProblemi dello sviluppo tardivo in Europa$932396 997 $aUNIPARTHENOPE